| 000 | 00672nam a22002417a 4500 | ||
|---|---|---|---|
| 003 | IIN | ||
| 005 | 20250526115602.0 | ||
| 008 | 250526s2023 |||adc|| |||| 00| 0 eng d | ||
| 020 |
_a9788119115167 _cRs.700.00 |
||
| 040 | _aIIN | ||
| 082 |
_a610.73 _bGAN |
||
| 100 | _aGanesan, Mahesvari | ||
| 245 |
_aNursing Foundation - I _bIncluding First and Module Bsc. Nursing (Semester - I)/ _cMahesvari Ganesan [et al.] |
||
| 260 |
_aPune _bNirali _c2023 |
||
| 300 | _bill. | ||
| 500 | _aIncludes Index | ||
| 650 |
_aFoundation _vNursing |
||
| 700 | _aS., Ramesh | ||
| 700 | _aM., Priya P. | ||
| 700 | _aT., Linda Daphane | ||
| 700 | _aDarbar, Sejalkunvaraba | ||
| 942 | _cBOOK | ||
| 999 |
_c1838 _d1838 |
||